000 00399nam a22001337a 4500
082 _a515.25
_bHUG
_cL-3, P-34
100 _aHughes, William F
_939351
245 _aBasic Equation of Engineering Science /
_cGaylord, Eber W
260 _aNew York:
_bMcgraw hill book company,
_cc1964
300 _a159 p. :
_c24cm
526 _a0
_b0
_c0
_d515_250000000000000_HUG
650 _aMCE
_9379
942 _2ddc
_cBK
999 _c543852
_d543852